[Event "Gashimov Memorial 5th"]
[Site "Shamkir"]
[Date "2018.04.26"]
[Round "7"]
[White "Navara, David"]
[Black "Ding, Liren"]
[Result "0-1"]
[WhiteElo "2745"]
[BlackElo "2778"]
[Annotator "Mekhitarian,K"]
[PlyCount "72"]
[EventDate "2018.04.19"]
[EventType "tourn"]
[EventRounds "9"]
[EventCountry "AZE"]
[EventCategory "21"]
[SourceTitle "CBM 184"]
[Source "ChessBase"]
[SourceDate "2018.05.16"]
[SourceVersion "1"]
[SourceVersionDate "2018.05.16"]
[SourceQuality "1"]

1. e4 e5 {A friendly tip - If you want to start playing 1...e5 as Black, or if
you want to improve your knowledge in this area, follow Ding Liren's games. He
has scored amazing results against the Ruy Lopez and the Italian, with high
quality play.} 2. Nf3 Nc6 3. Bb5 a6 4. Ba4 Nf6 5. O-O Be7 6. Re1 b5 7. Bb3 O-O
8. a3 {A somewhat unusual way to play with the rook on e1.} d6 9. c3 (9. h3 $5
{keeping the flexibility of the c3-move:} Na5 10. Ba2 c5 11. Nc3 Nc6 12. d3 h6
13. Bd2 $11 {½-½ (67) Harikrishna,P (2766)-Wojtaszek,R (2750) Wijk aan Zee
2017, with a roughly equal position.}) (9. d3 Nb8 $5 {Since White already lost
a tempo with the d-pawn, Black is entitled to play ...Nb8 and ...Nbd7, because
a standard reaction against those moves would be d4!} (9... Na5 $5 10. Ba2 c5 {
is always acceptable}) 10. Nbd2 Nbd7 11. Ba2 c5 12. Nf1 Nb6 13. Ng3 Qc7 14. Nh4
g6 15. Bh6 Re8 16. Qd2 Ng4 17. Bg5 Bxg5 18. Qxg5 Qe7 $11 {1/2-1/2 (33) Van
Foreest,J (2609)-Anand,V (2783) Germany 2018}) 9... Na5 10. Ba2 {This looks a
little bit weird for White already, after Black's 10...c5.} (10. Bc2 {looked
more logical to me.} c5 11. d4 Nd7 12. b4 $5 cxb4 13. cxb4 Nc4 14. Nc3 (14. a4
$1 $14) 14... Ndb6 15. h3 exd4 16. Nxd4 Bf6 17. Rb1 Bd7 18. Rb3 Re8 19. f4 Rc8
$36 {1/2-1/2 (58) Carlsen,M (2690)-Shirov,A (2715) Wijk aan Zee 2007}) 10... c5
11. d4 (11. b4 Nc6 12. d3 Be6 13. Bxe6 fxe6 14. Nbd2 Qd7 {and Black is also
fine:} 15. Nb3 a5 16. Nxa5 Nxa5 17. bxa5 Rxa5 $11 {1-0 (80) Mamedov,N (2614)
-Citak,S (2340) Konya 2010}) (11. d3 {is less committal but Black already has
a lot of space and may as well just play ...c4 achieving a similar position} c4
$1 {[%csl Ra2]}) 11... c4 $1 {[%csl Ra2] It will be hard to deal with the the
misplaced bishop on a2.} 12. Bg5 ({Taking the pawn doesn't make much sense
here:} 12. dxe5 $2 dxe5 13. Qxd8 Rxd8 14. Nxe5 Nxe4 $17 {is very bad, ...Bb7
and ...Nc5 to follow.}) 12... h6 13. Bh4 Bg4 $1 {A nice positional concept
from Ding - he wants to exchange the light-squared bishop, and create pressure
on the d4-pawn. The position will most likely become more closed, when the
f3-knight could have been useful for White.} 14. h3 Bxf3 15. Qxf3 Nc6 16. d5 $6
(16. Rd1 $5 {would be more stubborn. As the game continued, Black achieved a
great positional advantage, as we will discuss soon.} Nd7 17. Bxe7 (17. Bg3 Bf6
$1 $17 {forcing White to play either d5 or dxe5. Either move will give a lot
of life to the black knights, specially the c5-square.}) 17... Qxe7 18. b3 $1 {
trying to open up the bishop somehow, even that it costs a weak pawn on c3:}
cxb3 19. Bxb3 Nb6 $15 {[%csl Ra3,Rc3,Rc4]}) 16... Na5 {[%cal Gf6d5] Black has
a trick with ...Nxd5 threatened now.} 17. Bxf6 Bxf6 18. Nd2 Bg5 19. Nf1 g6 $17
{[%cal Ga5b7,Gb7c5,Ga6a5,Ga8b8,Gb5b4,Gg8g7,Gh6h5] Ok, now let's look at the
position: White does not have any pawn breaks, while Black has a clear plan to
bring his knight over to c5, and prepare a5 followed by b4, possibly targeting
the b2-pawn in the future. Another possible plan will always be to play f5
after proper preparation, and create something against the f2-pawn. Meanwhile,
the a2-bishop stays out of the game, and the f1-knight also does not have very
good prospects.} 20. a4 Qe7 21. Bb1 Nb3 22. Ra2 Nc5 {[%csl Gb5,Gc4,Rc5] The
knight stands perfectly behind the c4-pawn in this structure.} 23. Bc2 Rfb8 24.
g3 h5 25. h4 Bh6 26. axb5 axb5 {Now with the pawn exchange, Black may even go
after the b2-pawn without playing ...b4, using the a-file.} 27. Rea1 Rxa2 28.
Rxa2 Kg7 29. Qe2 Rb7 (29... b4 $5 {was already good enough. After the exchange
of these pawns, Black starts to attack the b2-pawn with moves like ...Qb7 and
possibly ...Bc1} 30. cxb4 Rxb4 31. Nd2 Nd3 $17) (29... Qb7 $5 {[%cal Gb8a8]
preparing ...Ra8 and a further invasion on the a-file.}) 30. Qe1 Qc7 31. Kg2
Qb6 32. Kf3 Rc7 (32... Nd3 $1 {would exchange the strategical advantage for a
dynamic one:} 33. Bxd3 cxd3 34. Qd1 f5 $3 {[%cal Gb7f7] opening an important
front against the white king.} 35. exf5 (35. Qxd3 fxe4+ 36. Qxe4 Rf7+ $19)
35... e4+ $1 36. Kg2 Qc5 $19) 33. Kg2 $2 (33. Qd1 $1 {keeping an eye on d3} b4
34. cxb4 Qxb4 $17 {Black keeps the advantage, but there is still a lot of work
to be done here.}) 33... b4 $1 {Ding finally goes for the b4-break, using the
same tactical idea mentioned on the 32nd move:} 34. cxb4 Nd3 $1 35. Bxd3 (35.
Qe2 Nc1 $19 {[%csl Ra2,Re2]}) 35... cxd3 {[%cal Gc7c2]} 36. Ra1 (36. Ne3 Bxe3
37. Qxe3 Qxe3 38. fxe3 d2 39. Ra1 Rc1 $19 {[%cal Gd2d1]}) 36... Rc2 {There is
no way to defend against ...Re2.} 0-1

[Event "Metz op 31th"]
[Site "Metz"]
[Date "2013.04.21"]
[Round "3"]
[White "Philippe, Christophe"]
[Black "Nisipeanu, Liviu Dieter"]
[Result "0-1"]
[WhiteElo "2384"]
[BlackElo "2677"]
[Annotator "Metz Alekhine/Primel,D"]
[PlyCount "134"]
[EventDate "2013.04.20"]
[EventType "swiss"]
[EventRounds "9"]
[EventCountry "FRA"]
[SourceTitle "EXT 2016"]
[Source "ChessBase"]
[SourceDate "2015.10.08"]
[SourceVersion "1"]
[SourceVersionDate "2015.10.08"]
[SourceQuality "1"]
[TimeControl "40/5400:1800+30"]
[WhiteClock "1:30:00"]
[BlackClock "1:30:00"]

1. e4 e5 2. Nf3 Nc6 3. Bb5 a6 4. Ba4 Nf6 5. d3 {La mode actuelle} b5 6. Bb3 Be7
7. O-O d6 8. c3 O-O 9. Re1 Na5 10. Bc2 c5 11. Nbd2 Re8 (11... Nc6) 12. Nf1 h6
13. Ng3 Bf8 14. d4 cxd4 15. cxd4 Nc6 (15... Qc7 16. h3 Nc6 17. Be3) 16. h3 Nxd4
(16... exd4 {La grande ligne} 17. Nxd4 Nxd4 18. Qxd4 $14 {Nisipeanu,L (2600)
-Graf,A (2585) Groningen op 1997 (7) 0-1}) 17. Nxd4 exd4 18. Qxd4 Be6 19. Be3 (
19. Bd2 Rc8 20. Bb3 Bxb3 21. axb3 Rc6 22. Bc3 Re6 23. Rad1 Qe8 24. Qd3 g6 25.
Bxf6 Rxf6 26. Ne2 Bg7 27. Nc3 Re6 28. Re2 Bxc3 29. bxc3 Qc8 30. Re3 Rc5 31. f4
d5 32. exd5 Rxd5 33. Qxd5 Rxe3 34. Qd8+ Qxd8 35. Rxd8+ Kg7 36. Rc8 Re4 37. Ra8
Re6 38. c4 bxc4 39. bxc4 Rc6 40. g3 h5 41. Kf2 h4 42. Ra7 hxg3+ 43. Kxg3 Kf6
44. Kg4 Ke6 45. h4 f6 46. c5 f5+ 47. Kg5 Kd5 48. Rg7 a5 {Vachier Lagrave,M 
(2710)-Karjakin,S (2763) Beijing 2011 1-0 (70)}) 19... Rc8 20. Bb3 $6 (20. Qd2
$142 Nd7 21. Rac1 Ne5 {Smirin,I (2666)-Grischuk,A (2581) New York op 2000 (9)
1-0}) 20... Bxb3 $146 (20... Rc6 21. Rac1 Rxc1 22. Rxc1 Bxb3 23. axb3 Qe7 24.
Re1 Qe6 25. Bd2 Qxb3 26. Bxh6 d5 27. Bg5 Nxe4 28. Re3 Qc4 29. Qxc4 bxc4 30.
Nxe4 Rxe4 31. Rxe4 dxe4 32. Be3 f5 33. Kf1 Kf7 34. Ke2 Ke6 35. Kd2 Bb4+ 36. Kc2
Kd5 37. f3 Bd6 38. Bd2 g6 39. Bg5 Be5 40. Bd2 Bd4 41. Be1 exf3 42. gxf3 Kc5 43.
Bd2 Kd5 44. Bh6 a5 45. Bd2 a4 46. Bh6 Bf6 47. Bf8 Kd4 48. Bh6 c3 49. bxc3+ Kc4
50. Bd2 {Degenhardt,N-Von Spreckelsen,A Hamburg 1963 0-1 (67)}) 21. axb3 d5 $1
22. Rxa6 Bc5 $36 23. Qd2 Bxe3 (23... Nxe4 24. Nxe4 dxe4) 24. Rxe3 dxe4 {
Le GMI s'est débarassé du P isolé} 25. Qxd8 Rcxd8 26. Nf5 Re6 $5 27. Rxe6
Rd1+ 28. Kh2 fxe6 29. Ng3 Rd4 30. Rc3 $6 Rd2 $1 {[%csl Rb2,Rf2]} 31. Rc5 Rxf2
32. Rxb5 Rxb2 $17 {[%csl Gb2,Rb5] Non seulement les Bblancs ont perdu un P
mais la Rb2 est active contrairement à la Rb5 mal placée devant le P} 33. Re5
Kf7 34. Nxe4 Nxe4 35. Rxe4 Rxb3 {Le Pe6 est isolé mais il est aussi passé et
les Blancs vont souffrir pour annuler} 36. Kg1 Rb5 37. Kf2 Kf6 38. Ra4 h5 39.
Ra8 (39. Kf3 Rb3+ 40. Kf4 Rb2 41. g4 (41. Kf3)) 39... h4 40. Rf8+ Kg5 {[%csl
Rf2,Rg2,Rg3,Gg5,Gh4] Les Noirs ont progressé avec un K actif et
l'affaiblissement de la case "g3"} 41. Re8 Kf5 42. Rg8 g5 43. Kf3 Rb3+ $1 44.
Kf2 e5 $40 {[%cal Ge5e1]} 45. Rf8+ Ke4 46. Rg8 Rb2+ 47. Kg1 {[%csl Rg1] Avec
un K aussi mal placé, les Blancs sont quasiment perdant} Kf4 48. Rf8+ Ke3 49.
Rf3+ Ke4 50. Rf8 Rc2 51. Kf1 Kd4 52. Rf5 e4 53. Rxg5 Kd3 54. Rd5+ Ke3 55. Rd1
Rf2+ 56. Kg1 Rd2 57. Re1+ Kd3 58. Kf1 e3 $19 59. Ra1 Rf2+ 60. Ke1 Rxg2 61. Ra3+
Ke4 62. Ra8 Rb2 63. Rf8 Ra2 64. Rf7 Rh2 65. Re7+ Kf3 66. Rf7+ Kg2 67. Rg7+ Kxh3
0-1

[Event "WchT 10th"]
[Site "Tsaghkadzor"]
[Date "2015.04.27"]
[Round "8.2"]
[White "Wei, Yi"]
[Black "Gonzalez Vidal, Yuri"]
[Result "1-0"]
[WhiteElo "2706"]
[BlackElo "2557"]
[Annotator "Mokal,P"]
[PlyCount "77"]
[EventDate "2015.04.19"]
[EventType "team-tourn"]
[EventRounds "9"]
[EventCountry "ARM"]
[SourceTitle "CBM 166"]
[Source "ChessBase"]
[SourceDate "2015.05.11"]
[SourceVersion "1"]
[SourceVersionDate "2015.05.11"]
[SourceQuality "1"]
[WhiteTeam "China"]
[BlackTeam "Cuba"]
[WhiteTeamCountry "CHN"]
[BlackTeamCountry "CUB"]

{[%mdl 2]} 1. e4 e5 2. Nf3 Nc6 3. Bb5 a6 4. Ba4 Nf6 5. O-O Be7 6. Re1 b5 7. Bb3
d6 8. a4 {Once used by Kasparov. It's a sort of an anti-Marshall, although
Black can argue that he never intended to play the Marshall.} b4 9. d4 Bg4 10.
dxe5 dxe5 11. Qxd8+ Rxd8 12. Nbd2 O-O 13. h3 $146 (13. Bc4 Bc8 14. Nb3 Bb7 (
14... h6 $142) 15. Bg5 Nd7 $6 16. a5 (16. Bxe7 Nxe7 17. Na5 $36) 16... Bxg5 17.
Nxg5 h6 18. Nf3 $14 {1-0 Petenyi,T (2375)-Motycakova,M (2093)/Banska Stiavnica
2010/CBM 137 Extra (32)}) 13... Bxf3 {Hard to approve. The position does not
seem closed enough to give up the B for N.} ({Probably a better move was} 13...
Be6 {but here too after} 14. Bxe6 fxe6 15. Nc4 Nd4 16. Nxd4 exd4 17. Bg5 {
The pawn structure seems better suited for White's pieces, especially due to
the colour of the Bs remaining on board. White has a very tiny edge and Black
may have to put in some effort to get complete equality.}) (13... Bc8 14. Nc4
Bb7 15. Nfxe5 Nxe5 16. Nxe5 Nxe4 17. Nd3 $14) (13... Bh5 {leaves the B out of
play after} 14. g4 Bg6 15. Bc4 $14 {[%csl Rg6]}) 14. Nxf3 Bc5 15. Bc4 a5 16. c3
Rd6 17. Bb5 Rfd8 18. Be3 Bxe3 (18... Nxe4 $5 19. Bxc5 Nxc5 20. Nxe5 Nxe5 21.
Rxe5 Nb3 22. Rae1 g6 23. cxb4 axb4 $14 {seems like a slight edge for White due
to B vs N and the outside passed pawn.}) 19. Rxe3 Nd7 20. cxb4 $6 ({White had
a chance to win a pawn with a forced sequence of moves} 20. Bxc6 Rxc6 21. cxb4
axb4 22. Rd3 {[%cal Gf3e5]} Rd6 (22... Re6 23. Rad1 Re7 24. Rc1 Rc8 25. Rb3 $18
{wins the b4-pawn.}) 23. Rxd6 cxd6 24. Rd1 Nc5 25. Nxe5 Nxa4 26. Nc6 Ra8 (26...
Re8 27. Rxd6 Nxb2 28. Nxb4 g6 29. f3 $16) 27. Nxb4 Nxb2 28. Rxd6 $16 {with
good practical winning chances.}) 20... Nxb4 21. Rc1 c6 22. Bc4 {White's
advantage seems too slight to give any real winning chances. The pawn that
seems isolated and weak on c6 actually helps Black to control important
squares that could have been used for anchor by White pieces. Also Black's
control of d<-> keeps the White Rs away from combining with the B.} h6 23. g3
g6 24. Kg2 Kg7 25. h4 f6 (25... h5 26. Ng5 $14 {helps White.}) 26. h5 g5 27.
Be2 Nf8 28. Bc4 (28. Rc5 Ra8 $11 {is temporary. The R on c5 will be pushed
back after ...Nd7 or ...Ne6 and the Black R will return into the game.}) 28...
Nd7 29. Kh3 {The White K begins a bold march. The best practical try to create
some imbalance from this equal position.} Nc5 30. Kg4 (30. b3 Rd1 31. Rxd1 Rxd1
$15 {[%cal Gb4c2,Gc2d4]}) 30... Nxa4 31. Ra3 Nc5 $6 (31... Nxb2 $142 32. Rxa5
f5+ $1 33. exf5 (33. Kxf5 Nxc4 34. Rxc4 (34. Ra7+ Kg8 35. Rxc4 Nd3 {[%cal
Gd8f8]} 36. Rc2 Rf8+ 37. Kg4 Rdf6 $19) 34... Rf6+ 35. Kg4 (35. Kxe5 Nd3#) 35...
Nd3 {[%cal Gd3f2]} 36. Ra2 Rdf8 $19) 33... Rd4+ 34. Nxd4 Rxd4+ 35. Kh3 Nxc4 $17
) 32. Rxa5 (32. Kf5 Nb7 $15) 32... Nxe4 33. Kf5 Nxf2 34. Be6 e4 $2 ({Black
needed a N for >> defence.} 34... Nbd3 $142 35. Rca1 (35. Ra7+ Kh8 36. Rca1 (
36. Kxf6 $2 Re8 $19) (36. Kg6 $2 Rxe6 $19) (36. Rc2 Nh1 $1 37. Rg2 e4 38. Nd4
Rxd4 39. Kg6 Ne5+ 40. Kxh6 Nd7 $19) 36... Nc5 $19 {[%csl Re6]}) 35... e4 36.
Ra7+ (36. Nd4 Rxd4 37. Ra7+ Kh8 38. Kg6 Ne5+ 39. Kxh6 Nfg4+ $19) 36... Kh8 37.
Kg6 Rxe6 38. Rh7+ Kg8 39. Rg7+ Kh8 (39... Kf8 40. Raa7 f5+ 41. Kh7 $18) 40.
Rh7+ $11) 35. Ra7+ Kh8 $2 (35... Kf8 $142 36. Rf7+ (36. Rca1 exf3 37. Rf7+ Kg8
38. Raa7 Rxe6 39. Kxe6 Re8+ 40. Kf5 Nbd3 $11 {[%csl Rf6,Rg6,Rh6][%cal Gd3e5,
Ge5g6,Gf2g4,Gg4f6,Gg4h6]}) 36... Ke8 37. Rg7 Nbd3 (37... Rd3 $2 38. Ra1 $18)
38. Rg8+ Ke7 39. Rg7+ Ke8 40. Rg8+ $11) 36. Nd4 $1 Nbd3 $2 {The decisive
mistake. There was still a chance to fight.} (36... Rxd4 $2 37. Kg6 {[%cal
Ga7h7]} Rg8+ 38. Kxh6 Ng4+ 39. Bxg4 Rgd8 40. Be6 $18) (36... Nfd3 $142 {
[%csl Rc6,Rg6][%cal Gb4c6,Gd3e5,Ge5g6] This was the best way to put both Ns to
effective use.} 37. Kg6 Ne5+ 38. Kxh6 Ng4+ 39. Bxg4 (39. Kg6 Ne5+ $11 40. Kxf6
$2 Nbd3 $19) 39... f5+ 40. Kxg5 Rg8+ 41. Kxf5 Rxd4 42. Be2 $14 {White is
slightly better but Black seems to have some chances to hold.}) 37. Rxc6 $18 {
Fortune has favoured the brave.} Rxc6 (37... Rxd4 38. Rcc7 R4d5+ 39. Bxd5 Rxd5+
40. Ke6 Rd8 41. Rh7+ Kg8 42. Rag7+ Kf8 43. Rf7+ Kg8 44. Rhg7+ Kh8 45. Ke7 Ra8
46. Rh7+ Kg8 47. Rfg7#) 38. Nxc6 Rf8 39. Kg6 {[%cal Ga7h7] Mate is inevitable.}
1-0

[Event "FIDE World Cup"]
[Site "Khanty-Mansiysk"]
[Date "2005.12.17"]
[Round "7.4"]
[White "Ponomariov, Ruslan"]
[Black "Aronian, Levon"]
[Result "0-1"]
[WhiteElo "2704"]
[BlackElo "2724"]
[Annotator "Mueller,Karsten"]
[PlyCount "102"]
[EventDate "2005.11.27"]
[EventType "k.o."]
[EventRounds "7"]
[EventCountry "RUS"]
[SourceTitle "CBM 111"]
[Source "ChessBase"]
[SourceDate "2006.04.04"]
[SourceVersion "1"]
[SourceVersionDate "2006.04.04"]
[SourceQuality "1"]

1. e4 e5 2. Nf3 Nc6 3. Bb5 a6 4. Ba4 Nf6 5. O-O Be7 6. Re1 b5 7. Bb3 O-O 8. a3
d6 9. c3 Be6 10. d4 Bxb3 11. Qxb3 Re8 12. Qc2 Bf8 13. Bg5 h6 14. Bh4 g5 15. Bg3
g4 16. Nh4 exd4 17. Nd2 dxc3 18. Qxc3 Ne5 19. Nf5 Nh5 20. Nf1 Nxg3 21. N1xg3
Re6 22. Rad1 Rc8 23. Ne2 Qg5 24. Ned4 Rf6 25. h4 gxh3 26. Qxh3 Qg4 27. Qxg4+
Nxg4 28. Nc6 Re6 29. f3 Ne5 30. Nfd4 Ree8 31. Re2 d5 32. exd5 Nxc6 33. dxc6 Bg7
34. Rxe8+ Rxe8 35. Nf5 Bxb2 36. Rd7 Re6 37. Rxc7 Bxa3 38. Kf1 Bc5 39. Ng3 b4
40. Rc8+ Kh7 41. Ne4 b3 42. c7 Rc6 43. Nf6+ $2 (43. Rb8 Rxc7 44. Nxc5 Rxc5 45.
Rxb3 {bot nicht zu unterschätzende Remischancen.}) 43... Kg6 44. Rg8+ $2 (44.
Ne4 {war die letzte Chance, den Kampf fortzusetzen, z.B.} b2 (44... Kg7 $5) 45.
Nd2 Kf5 (45... Bb4 46. Rg8+ Kf5 47. c8=Q+ Rxc8 48. Rxc8 Bxd2 49. Rb8 $17) 46.
Rb8 Rxc7 47. Rxb2 $17) 44... Kxf6 45. c8=Q Rxc8 46. Rxc8 {[%tqu "De","Wie
sicherte Aronjan ab, dass seine Bauern den Tag entscheiden?","","","c5b4","und
die schwarzen Freibauern laufen durch:",3]} Bb4 $1 {[%mdl 4096] und die
schwarzen Freibauern laufen durch:} 47. Rc1 a5 48. Ke2 a4 49. Rc6+ (49. Rc4 a3
50. Rxb4 a2 51. Ra4 b2 $19) 49... Kg7 50. Kd3 a3 51. Ra6 a2 {[%cal Gb3b1]} 0-1

[Event "Vienna op"]
[Site "Vienna"]
[Date "1986.??.??"]
[Round "?"]
[White "Klinger, Josef"]
[Black "Nunn, John DM"]
[Result "0-1"]
[WhiteElo "2445"]
[BlackElo "2585"]
[Annotator "Nunn,J"]
[PlyCount "66"]
[EventDate "1986.11.??"]
[EventType "swiss"]
[EventRounds "9"]
[EventCountry "AUT"]
[SourceTitle "CBM 001"]
[Source "ChessBase"]
[SourceDate "2004.01.01"]
[SourceVersion "1"]
[SourceVersionDate "2004.01.01"]
[SourceQuality "1"]

1. e4 e5 2. Nf3 Nc6 3. Bb5 a6 4. Ba4 Nf6 5. O-O Be7 6. Re1 b5 7. Bb3 d6 8. a4
Bg4 9. c3 O-O 10. d3 $6 ({If White wishes to play the system with an early a4,
he should prefer} 10. h3 Bxf3 11. Qxf3 {as played by Ljubojevic, with the idea
of meeting ...Na5 by Ba2.}) 10... Na5 11. Bc2 ({Now} 11. Ba2 b4 12. cxb4 Nc6
13. Bd2 Rb8 {is satisfactory for Black.}) 11... b4 {The best move. If White
takes the pawn, then 12 cxb4 Nc6 13 Bd2 Rb8 regains it without problems, while
otherwise Black has achieved the important advance ...b4 as soon as possible.}
12. Nbd2 Rb8 13. h3 Bxf3 {The capture on f3 had been recommended in Short's
analysis, but this was the first over-the-board example. 14 Qxf3 is well met
by 14...Nd7 followed by either ...Nc5 or ...Bg5.} 14. Nxf3 c5 {White is
already in a difficult position. Black has gained a great deal of space and
thanks to White's early a4 this can be still further increased by ...b3.} 15.
d4 b3 16. Bb1 {Not the move White wanted to play, but} (16. Bd3 exd4 17. cxd4
c4 18. Bf1 d5 19. e5 Ne4 20. Nd2 f5 {would have been excellent for Black.})
16... Nd7 $2 {Too passive. The more dynamic 16...Qc7 17 Nh4 g6 followed by ...
c4 would have permanently sealed in the rook on a1.} (16... Qc7 17. Nh4 g6) 17.
Bd3 {White seizes his chance to unjam his queenside, since just at this moment
17...exd4 18 cxd4 c4 19 Bf1 is unclear, ...d5 not being available.} c4 18. Bf1
Qc7 19. d5 $2 {Just when White had escaped from his troubles he makes an error.
The fluid centre is awkward for Black, who must constantly defend e5. The move
played frees Black's hand and gives him access to c5. 19 g3 was better.} Bf6 {
The bishop transfer to g7 gives Black chances of activity by ...f5. White's
other worry is that in an ending he would have one rook tied down to defending
the a4 pawn against attack by ...Nc5.} 20. Nh2 g6 21. Qf3 Qd8 {White has
blocked the knight's return to f3, so Black takes the chance to threaten ...
Bg5. The exchange of black-squared bishops would mean that a knight on c5
would attack a4 permanently.} 22. Bh6 Bg7 23. Ng4 {After 23 Be3 Black can
already play 23...f5.} Bxh6 24. Nxh6+ Kg7 25. Ng4 Rc8 {25...f5? 26 exf5 gxf5
27 Ne3 forks c4 and f5, but now that c4 is defended the move ...f5 is a
genuine threat.} 26. Qe3 $2 {White hopes for counterplay by Qh6+, but this
just allows Black to play ...f5 under favourable circumstances. 26 Ne3 was
much better, but Black keeps a slight plus by 26...h5 27 g3 h4 followed by ...
Qg5 reviving ideas of ...f5.} f5 27. Qh6+ Kh8 28. exf5 gxf5 29. Ne3 f4 30. Ng4
Nc5 {Intending to create a permanent outpost at d3 by ...e4.} 31. f3 Rc7 {
The target is White's queen, which lacks any route back to friendly territory.}
32. Nf2 Rg7 33. Kh1 {There was nothing better, e.g. 33 Ne4 Nxe4 34 Rxe4 Rg6 35
Qh5 Qf6 (threat 36...Rg5 37 Qh4 Rxg2+) 36 Kh1 Rfg8 followed by ...Rh6.} (33.
Ne4 Nxe4 34. Rxe4 Rg6 35. Qh5 Qf6 36. Kh1 Rfg8) 33... Rf5 {Now there is no way
to prevent ...Rg6.} 0-1